Statistics for Top 20 Most Famous British Commonwealth Countries

Click here to take the quiz!

General Stats

  • This quiz has been taken 349 times
  • The average score is 13 of 20

Answer Stats

%Country% Correct
94Australia
97%
89Canada
94%
89New Zealand
94%
87India
93%
79South Africa
87%
75United Kingdom
82%
66Pakistan
77%
68Jamaica
73%
62Kenya
68%
56Bangladesh
63%
51Nigeria
63%
59Bahamas
60%
52Sri Lanka
59%
57Barbados
58%
59Fiji
54%
54Trinidad and Tobago
50%
57St Kitts and Nevis
49%
54Antigua and Barbuda
45%
51Zambia
43%
51Samoa
39%

Score Distribution

Percentile by Number Answered

Percent of People with Each Score

Your Score History

You have not taken this quiz